书目信息 |
| 题名: |
元典章
|
|
| 作者: | 元朝官修 | |
| 分册: | 第十五册 | |
| 出版信息: | 北京 北京市中国书店 1934 |
|
| 页数: | 1册 | |
| 开本: | 18.5*13.5cm | |
| 丛书名: | ||
| 单 册: | ||
| 中图分类: | D691.5 | |
| 科图分类: | ||
| 主题词: | 政治--中国 | |
| 电子资源: | ||
| ISBN: | ||
| 000 | 00718nam0 2200229 450 | |
| 001 | 0633604344 | |
| 005 | 20061019094501.26 | |
| 010 | @b线装@dCNY67.50(函) | |
| 100 | @a20061019d1934 km y0chiy0120 ea | |
| 101 | 0 | @achi |
| 102 | @aCN@b110000 | |
| 200 | 1 | @a元典章@Ayuan dian zhang@h第十五册@f元朝官修@Fyuan chao guan xiu |
| 205 | @b影印本 | |
| 210 | @a北京@c北京市中国书店@d1934 | |
| 215 | @a1册@d18.5*13.5cm | |
| 300 | @a全套4函,总定价CNY270.00,第十三至第十八册为第三函 | |
| 327 | @a本书后附陈垣校补校例六卷,民国二十三年(1934年)十月国立中央研究院历史研究所刊 | |
| 606 | 0 | @a政治@x中国 |
| 690 | @aD691.5@v3 | |
| 701 | 0 | @a元朝官修@Ayuan chao guan xiu |
| 801 | 0 | @aCN@bPFT@c20061019 |
| 905 | @a10447@dD691.5@e1:15 | |
| 元典章.第十五册/元朝官修.-影印本.-北京:北京市中国书店,1934 |
| 1册;18.5*13.5cm |
| 全套4函,总定价CNY270.00,第十三至第十八册为第三函 |
| 部分内容:本书后附陈垣校补校例六卷,民国二十三年(1934年)十月国立中央研究院历史研究所刊 |
| ISBN (线装):CNY67.50(函) |
| ● |
| 相关链接 |
|
|
|
|
正题名:元典章
索取号:D691.5/1:15
 
预约/预借
| 序号 | 登录号 | 条形码 | 馆藏地/架位号 | 状态 | 备注 |
| 1 | 0222387 | 202406208 | 古籍典藏专区/ [索取号:D691.5/1:15] | 在馆 |